Fisiologi pernafasan asasi

Bibliographic Details
Main Author: West, John B. [ (John Burnard)] (Author)
Format: Book
Published: Pulau Pinang : Kuala Lumpur : Penerbit Universiti Sains Malaysia ; Dewan Bahasa dan Pustaka , 1991
Subjects:

MARC

LEADER 00000cam a2200000 7i4500
001 0000003558
005 20110905093000.0
008 021118s1991
020 |a 9836209409 
050 0 0 |a QP121   |b .W412 
090 0 0 |a WF 102   |b .W511f 1989 
100 1 |a West, John B. [  |q (John Burnard)] ,   |e author 
240 1 0 |a Respiratory physiology   |l [Bahasa Malaysia] 
245 0 0 |a Fisiologi pernafasan asasi   |c John B. West ; penterjemah, Fauziah Md. Desa dan Rabindarjeet Singh 
260 2 |a Pulau Pinang :   |b Penerbit Universiti Sains Malaysia ;   |a Kuala Lumpur :   |b Dewan Bahasa dan Pustaka ,   |c 1991 
300 |a ix, 217 p.. ; ;   |c 21 cm. 
500 |a Includes index 
501 |a Terjemahan: Respiratory physiology 
650 0 |a Respiration 
650 1 2 |a Respiration 
999 |a 1000032731   |b Book   |c OPEN SHELF (30 DAYS)   |e Medical Campus